[Event "34th Chess Olympiad (men)"]
[Site "Istanbul"]
[Date "2000.11.09"]
[Round "12.49.2"]
[White "Zambrana, Oswaldo"]
[Black "Fonseka, C.k.d"]
[WhiteElo "2253"]
[BlackElo "2000"]
[WhiteCountry "BOL"]
[BlackCountry "SRI"]
[Result "1-0"]

1. e4 Nf6 2. e5 Nd5 3. Nf3 d6 4. d4 Bg4 5. Be2 Nc6 6. exd6 exd6 7. O-O Be7 
8. c4 Nb6 9. b3 Bf6 10. Bb2 O-O 11. Nbd2 Re8 12. Re1 d5 13. Ne5 Bxe2 
14. Qxe2 Nb4 15. c5 Nd7 16. Ndf3 Bxe5 17. Nxe5 Na6 18. c6 Nxe5 19. cxb7 Nf3+ 
20. Qxf3 Rb8 21. Bc3 c6 22. Rxe8+ Qxe8 23. Re1 Qd7 24. Qe2 Nc7 25. Qe7 Qxe7 
26. Rxe7 Na6 27. Bb2 Kf8 28. Ba3 c5 29. Rd7 Ke8 30. Rxd5 cxd4 31. Rxd4 Rxb7 
32. Ra4 Rd7 33. g3 Nb8 34. Re4+ Kd8 35. Rh4 h6 36. Bb2 f6 37. Rd4 Rxd4 
38. Bxd4 Nc6 39. Bc5 g5 40. f3 h5 41. Kf2 Kd7 42. b4 a6 43. f4 Ke6 44. Ke3 g4 
45. Ke4 f5+ 46. Kd3 Kd5 47. a4 Nb8 48. Be3 Nc6 49. b5 axb5 50. axb5 Na5 
51. Bd2 Nb7 52. Bb4 Nd8 53. Be7 Nb7 54. Kc3 Ke6 55. Bf8 Kd5 56. Kb4 Ke4 
57. Be7 Kd5 58. b6 Kc6 59. Kc4 Kd7 60. Bb4 Ke6 61. Kb5 Kd5 62. Be7 Ke6 
63. Ka6 Kd5 
1-0

[Event "34th Chess Olympiad (men)"]
[Site "Istanbul"]
[Date "2000.11.09"]
[Round "12.49.3"]
[White "De Silva, Nirosh"]
[Black "Monroy, Javier"]
[WhiteElo "2162"]
[BlackElo "2000"]
[WhiteCountry "SRI"]
[BlackCountry "BOL"]
[Result "1-0"]

1. e4 e6 2. d4 d5 3. Nd2 dxe4 4. Nxe4 Be7 5. Nf3 Nd7 6. Bd3 Ngf6 7. O-O O-O 
8. c4 b6 9. Qe2 Bb7 10. Ng3 c5 11. dxc5 Nxc5 12. Bc2 Qc7 13. Ne5 Bd6 
14. f4 Rac8 15. b3 Ncd7 16. Bb2 b5 17. Rac1 bxc4 18. bxc4 a5 19. Kh1 Rfd8 
20. Nxd7 Nxd7 21. Qg4 Bxg2+ 22. Kxg2 Qb7+ 23. Ne4 Qxb2 24. Nxd6 Nf6 25. Qe2 Qb4 
26. Ne4 Kh8 27. Rcd1 Rxd1 28. Rxd1 Qxc4 29. Rd8+ Ng8 30. Bd3 Qc6 31. Rxc8 Qxc8 
32. Ng5 Qc7 33. Qe5 Qd7 34. Qd4 Qe7 35. Qd8 Qb7+ 36. Be4 Qb2+ 37. Kh3 Qc3+ 
38. Bd3 g6 39. Nxf7+ Kg7 40. Ne5 Qc5 41. Qd7+ Ne7 42. Qxe6 Qe3+ 43. Kg2 Qd2+ 
44. Kf3 Qd1+ 45. Be2 Qh1+ 46. Kg3 Nf5+ 47. Kh3 Qb7 48. Bc4 Ne3 49. Qg8+ Kf6 
50. Qf8+ 
1-0

[Event "34th Chess Olympiad (men)"]
[Site "Istanbul"]
[Date "2000.11.09"]
[Round "12.49.4"]
[White "Campero, Ronald"]
[Black "Yapa, Mayura"]
[WhiteElo "2000"]
[BlackElo "2000"]
[WhiteCountry "BOL"]
[BlackCountry "SRI"]
[Result "1-0"]

1. e4 c5 2. Nf3 Nc6 3. Bb5 g6 4. Bxc6 dxc6 5. h3 Bg7 6. d3 e5 7. a3 Qe7 
8. Nc3 Nh6 9. O-O f6 10. Be3 Nf7 11. Na4 b6 12. b4 cxb4 13. axb4 Bb7 14. c4 O-O 
15. Qb3 Kh8 16. c5 b5 17. Nc3 f5 18. Rfd1 f4 19. Bc1 Ng5 20. Nxg5 Qxg5 
21. Ne2 Bc8 22. d4 Qh5 23. f3 exd4 24. Bb2 Qh6 25. Bxd4 g5 26. Bxg7+ Qxg7 
27. Qc3 Qxc3 28. Nxc3 Rf7 29. Rd6 Bd7 30. Rad1 Be8 31. e5 Re7 32. e6 Kg7 
33. Ne4 h6 34. Ra1 Kg6 35. Nd2 Kf5 36. Nb3 Kf6 37. Nd4 Rc8 38. Kf2 h5 
39. Re1 h4 40. Ra1 Rcc7 41. Ra6 Rc8 42. Ke2 Rec7 43. Kd3 Ke5 44. e7 Rd7 
45. Re6+ Kd5 46. Rf6 Rxe7 47. Rd6+ Ke5 48. Ra1 
1-0

[Event "34th Chess Olympiad (men)"]
[Site "Istanbul"]
[Date "2000.11.09"]
[Round "12.50.1"]
[White "Nsubuga, Grace"]
[Black "Smith, Louis"]
[WhiteElo "2259"]
[BlackElo "2178"]
[WhiteCountry "UGA"]
[BlackCountry "AHO"]
[Result "1-0"]

1. e4 g6 2. d4 Bg7 3. f4 e6 4. Nf3 d6 5. Bd3 Ne7 6. O-O O-O 7. Kh1 b6 8. Qe2 c5 
9. c3 Nbc6 10. dxc5 dxc5 11. Be3 Qc7 12. Na3 a6 13. Rad1 Rd8 14. Nc4 b5 
15. Nce5 c4 16. Bc2 f6 17. Nxc6 Nxc6 18. Qf2 Rxd1 19. Rxd1 Rb8 20. Bc5 Bf8 
21. e5 Bb7 22. Bd6 Bxd6 23. exd6 Qd7 24. Be4 Ba8 25. g4 Nd8 26. Bd5 Bc6 
27. Bxc6 Ra8 28. Qd4 Qxc6 29. Kg2 e5 30. fxe5 Ne6 31. Qe3 Rf8 32. exf6 Rxf6 
33. Kg3 Nc5 34. Ne5 Re6 35. Qf4 Ne4+ 36. Kh4 g5+ 37. Qxg5+ Nxg5 38. Nxc6 Nf7 
39. Ne7+ Kf8 40. Nf5 Re2 41. d7 Nd8 42. h3 Rxb2 43. Re1 Nc6 44. Kg5 Rd2 
45. Re8+ 
1-0

[Event "34th Chess Olympiad (men)"]
[Site "Istanbul"]
[Date "2000.11.09"]
[Round "12.50.2"]
[White "Neumann, Han H W M"]
[Black "Bibasa, Bob"]
[WhiteElo "2228"]
[BlackElo "2226"]
[WhiteCountry "AHO"]
[BlackCountry "UGA"]
[Result "1-0"]

1. e4 c5 2. Nf3 Nc6 3. d4 cxd4 4. Nxd4 e5 5. Nb5 a6 6. Nd6+ Bxd6 7. Qxd6 Qf6 
8. Qd1 Qg6 9. Nc3 Nge7 10. h4 d6 11. h5 Qf6 12. Be3 O-O 13. Qd2 Nd4 
14. O-O-O Bg4 15. f3 Nxf3 16. gxf3 Bxf3 17. Bg2 Bxd1 18. Rxd1 Qe6 19. Qxd6 Qxd6 
20. Rxd6 Rfd8 21. Rxd8+ Rxd8 22. Bc5 Nc6 23. Nd5 h6 24. c4 Nd4 25. Bxd4 exd4 
26. Kd2 Re8 27. Kd3 Re5 28. Bf3 Rg5 29. Kxd4 g6 30. b4 Kg7 31. a4 gxh5 
32. b5 axb5 33. axb5 h4 34. c5 Rg6 35. e5 h3 36. Nf6 h2 37. Bxb7 Rg1 38. b6 h5 
39. Nxh5+ Kh6 40. Nf4 Kg5 41. Nd3 Kh4 42. Bd5 Kg3 43. b7 Rb1 44. c6 Rb5 
45. Be4 Ra5 46. b8=Q Ra4+ 47. Nb4 
1-0

[Event "34th Chess Olympiad (men)"]
[Site "Istanbul"]
[Date "2000.11.09"]
[Round "12.50.3"]
[White "Kantinti, Shadrack"]
[Black "Mensing, Fabio"]
[WhiteElo "2000"]
[BlackElo "2000"]
[WhiteCountry "UGA"]
[BlackCountry "AHO"]
[Result "0-1"]

1. e4 e5 2. Nf3 f5 3. d4 fxe4 4. Nxe5 Nf6 5. Bg5 d6 6. Nc4 Be7 7. Ne3 c6 
8. Qd2 d5 9. c4 O-O 10. Be2 Be6 11. O-O Kh8 12. Nc3 Nbd7 13. f3 exf3 
14. Rxf3 dxc4 15. Nxc4 Bg4 16. Bxf6 Bxf6 17. Rd3 Bg5 18. Ne3 Bf5 19. Qd1 Bxd3 
20. Qxd3 Bxe3+ 21. Qxe3 Nf6 22. Rd1 Nd5 23. Qg3 Nf4 24. Bf3 Qb6 25. Rd2 Rad8 
26. Qf2 Rd7 27. Qe3 Qd8 28. d5 cxd5 29. Qxa7 Qg5 30. Qa3 Rdf7 31. Kh1 Nh3 
32. Rd1 Nf2+ 33. Kg1 Nxd1 
0-1

[Event "34th Chess Olympiad (men)"]
[Site "Istanbul"]
[Date "2000.11.09"]
[Round "12.50.4"]
[White "Wolf, Rudsel"]
[Black "Kawuma, Stevan"]
[WhiteElo "2000"]
[BlackElo "2020"]
[WhiteCountry "AHO"]
[BlackCountry "UGA"]
[Result "1/2-1/2"]

1. e4 c5 2. Nf3 Nc6 3. d4 cxd4 4. Nxd4 Nf6 5. Nc3 e5 6. Nb3 Bb4 7. Bg5 h6 
8. Bxf6 Bxc3+ 9. bxc3 Qxf6 10. Be2 O-O 11. O-O Ne7 12. Qd2 d6 13. Rad1 Rd8 
14. f4 Ng6 15. f5 Ne7 16. c4 b6 17. Qb4 Bb7 18. Bd3 Kh7 19. a4 Nc6 20. Qe1 Rg8 
21. Rf3 Rh8 22. Bf1 Rhd8 23. Rfd3 a5 24. c3 Na7 25. Qe3 Nc8 26. R3d2 Bc6 
27. Ra2 Ra7 28. Bd3 Rc7 29. Nd2 Rg8 30. Rf1 Bd7 31. Qg3 Be8 32. h4 g6 
33. fxg6+ Qxg6 34. Qxg6+ fxg6 35. Kh2 Kg7 36. Raa1 Rf8 37. Rxf8 Kxf8 
38. Bc2 Kg7 39. Rb1 Rf7 40. Rf1 Ne7 41. Kg3 Nc6 42. Rb1 Rb7 43. Nf1 Nb8 
44. Ne3 Na6 45. Nd5 Nc5 46. Rxb6 Rxb6 47. Nxb6 Kf7 48. Kf3 Kf6 49. Kg4 Bc6 
50. Kf3 Kf7 51. Ke3 Bb7 52. Nd5 Bc8 53. Kf3 Be6 54. Ke3 Bd7 55. Nb6 Be8 56. Kf3 
1/2-1/2

[Event "34th Chess Olympiad (men)"]
[Site "Istanbul"]
[Date "2000.11.09"]
[Round "12.51.1"]
[White "Frick, Renato"]
[Black "Kesmaecker, Philippe"]
[WhiteElo "2156"]
[BlackElo "2293"]
[WhiteCountry "LIE"]
[BlackCountry "MNC"]
[Result "1-0"]

1. e4 c5 2. Nf3 e6 3. d4 cxd4 4. Nxd4 a6 5. Bd3 Qc7 6. Qe2 d6 7. O-O Nf6 
8. c4 g6 9. Nc3 Bg7 10. Be3 O-O 11. Rac1 Nbd7 12. Rfd1 b6 13. f3 Bb7 
14. Bb1 Rad8 15. b3 Qb8 16. Qf2 Rfe8 17. Nde2 Ba8 18. h3 Bf8 19. g4 b5 
20. g5 Nh5 21. Bc2 bxc4 22. bxc4 Ne5 23. Bb3 Rc8 24. Na4 Nd7 25. Nf4 Nxf4 
26. Bxf4 Qb4 27. Bd2 Qa3 28. Qe1 Rb8 29. Rb1 d5 30. Bf4 Rbc8 31. Bc1 Qd6 
32. cxd5 exd5 33. Qf2 Qe6 34. Kg2 Bd6 35. Bb2 Qe7 36. Bxd5 Qxg5+ 37. Kh1 Bg3 
38. Bxf7+ Kxf7 39. Rxd7+ Ke6 40. Rbd1 Rc6 41. Qd4 Qe5 42. Qxe5+ Bxe5 
43. Bxe5 Kxe5 44. R1d2 h5 45. Kg2 g5 46. R7d5+ Kf6 47. Nc5 Kg6 48. Kg3 Rec8 
49. Nd7 Rc2 50. Rd6+ Kg7 51. Nb6 Rxd2 52. Rxd2 Rb8 53. Nxa8 Rxa8 54. h4 g4 
55. fxg4 hxg4 56. Kxg4 Rc8 57. Kf4 Rc3 58. Rh2 a5 59. h5 a4 60. h6+ Kh8 
61. e5 a3 62. e6 Rc1 63. Re2 Rc8 64. e7 Re8 65. Kf5 
1-0

[Event "34th Chess Olympiad (men)"]
[Site "Istanbul"]
[Date "2000.11.09"]
[Round "12.51.2"]
[White "Gentilleau, Jean-Philippe"]
[Black "Elkuch, Harald"]
[WhiteElo "2177"]
[BlackElo "2126"]
[WhiteCountry "MNC"]
[BlackCountry "LIE"]
[Result "1-0"]

1. Nf3 d6 2. d4 Nf6 3. c4 Nbd7 4. Nc3 c6 5. g3 e5 6. e4 Qc7 7. Bg2 Be7 
8. O-O O-O 9. b3 Re8 10. Bb2 Nf8 11. h3 Ng6 12. Rc1 Bf8 13. Qc2 a6 14. Rfd1 b6 
15. Qb1 Bd7 16. b4 Qc8 17. Kh2 Nh5 18. b5 axb5 19. cxb5 Qb7 20. dxe5 dxe5 
21. bxc6 Bxc6 22. Nd5 Bc5 23. Rd2 Ra4 24. Ne1 Qa7 25. Nc3 Rc4 26. Bf1 b5 
27. Nd3 b4 28. Nd1 Bb5 29. Rxc4 Bxc4 30. Qc2 Bxd3 31. Bxd3 Bf8 32. Bc4 Nf6 
33. Ne3 h6 34. Nd5 Nxd5 35. Bxd5 Qb6 36. Qb3 Re7 37. h4 h5 38. Qf3 Rc7 
39. Qxh5 Bc5 40. Kg2 Bd4 41. Qg5 Bc3 42. Qd8+ Nf8 43. Rc2 Qa7 44. Bc1 Rd7 
45. Qc8 Rxd5 46. exd5 Qd4 47. Qf5 Qxd5+ 48. Kh2 Ne6 49. Be3 g6 50. Qg4 Ng7 
51. Qc8+ Kh7 52. Rxc3 bxc3 53. Qxc3 Ne6 54. a4 Nd4 55. Bxd4 exd4 56. Qd3 Qc5 
57. a5 Qxa5 58. Qxd4 Qa2 59. Qf6 Qc4 60. Qe5 Qa2 61. Qf4 Qe6 62. Kg2 Qd5+ 
63. Qf3 Kg7 64. Qxd5 
1-0

[Event "34th Chess Olympiad (men)"]
[Site "Istanbul"]
[Date "2000.11.09"]
[Round "12.51.3"]
[White "Mannhart, Marcel"]
[Black "Lebel, Patrick"]
[WhiteElo "2061"]
[BlackElo "2172"]
[WhiteCountry "LIE"]
[BlackCountry "MNC"]
[Result "1/2-1/2"]

1. Nc3 Nf6 2. g3 d5 3. d3 c5 4. Bg2 Nc6 5. Bg5 e6 6. Nh3 Be7 7. O-O h6 
8. Bd2 d4 9. Nb1 O-O 10. e4 dxe3 11. fxe3 e5 12. Nf2 Be6 13. b3 Qd7 
14. Nc3 Rad8 15. Bc1 Nd5 16. Nxd5 Bxd5 
1/2-1/2

[Event "34th Chess Olympiad (men)"]
[Site "Istanbul"]
[Date "2000.11.09"]
[Round "12.51.4"]
[White "Martinelli, Patrice"]
[Black "Mundle, Kurt"]
[WhiteElo "2027"]
[BlackElo "2000"]
[WhiteCountry "MNC"]
[BlackCountry "LIE"]
[Result "1-0"]

1. d4 Nf6 2. Nc3 d5 3. e4 e6 4. exd5 exd5 5. Bd3 Be7 6. Bf4 Be6 7. Nf3 c6 
8. O-O Nbd7 9. h3 h6 10. Re1 O-O 11. Qd2 Re8 12. Ne5 Bf8 13. Bh2 Nxe5 
14. Bxe5 Nd7 15. Bf4 Qf6 16. g4 g5 17. Bg3 Bg7 18. Kg2 Qxd4 19. f4 Nc5 
20. Bf2 Qb4 21. a3 Qxb2 22. Ne2 Nxd3 23. Qxd3 Qf6 24. Bd4 Qd8 25. Ng3 Bxd4 
26. Qxd4 f6 27. Nh5 Kf7 28. fxg5 c5 29. Qxc5 Rc8 30. Qf2 d4 31. Nxf6 Kg7 
32. Nxe8+ Qxe8 33. Qf6+ 
1-0

[Event "34th Chess Olympiad (men)"]
[Site "Istanbul"]
[Date "2000.11.09"]
[Round "12.52.1"]
[White "Molla, Mekitew"]
[Black "Guillen, Ramirez Jose Antonio"]
[WhiteElo "2000"]
[BlackElo "2281"]
[WhiteCountry "ETH"]
[BlackCountry "HON"]
[Result "0-1"]

1. d4 Nf6 2. c4 e6 3. Nf3 Bb4+ 4. Bd2 Qe7 5. a3 Bxd2+ 6. Nbxd2 d6 7. e4 e5 
8. d5 a5 9. h3 a4 10. Bd3 Nbd7 11. Rc1 Nc5 12. Bb1 O-O 13. O-O Nh5 14. Rc3 Nf4 
15. Ne1 Ra6 16. Nd3 Ncxd3 17. Bxd3 Bxh3 18. g3 Nxd3 19. Rxd3 Bxf1 20. Nxf1 g6 
21. Ne3 Qg5 22. Qf1 Rb6 23. Nd1 f5 24. exf5 gxf5 25. Qh3 Rb3 26. Rxb3 axb3 
27. Kh2 f4 28. g4 Rf6 29. Kg1 e4 30. Qxb3 Qxg4+ 31. Kf1 Rh6 32. Ke1 Rh3 
33. Qxb7 Rh1+ 34. Kd2 Qxd1+ 35. Kc3 Rh3+ 
0-1

[Event "34th Chess Olympiad (men)"]
[Site "Istanbul"]
[Date "2000.11.09"]
[Round "12.52.2"]
[White "Medina Colindres, Javier"]
[Black "Abera, Yimam"]
[WhiteElo "2000"]
[BlackElo "2000"]
[WhiteCountry "HON"]
[BlackCountry "ETH"]
[Result "1-0"]

1. d4 Nf6 2. Nc3 g6 3. e4 d6 4. Bg5 Bg7 5. Qd2 O-O 6. Bh6 a6 7. Bxg7 Kxg7 
8. h4 h5 9. f3 b5 10. a3 c5 11. Nge2 Nc6 12. Nd5 e6 13. Ne3 Qb6 14. c3 Bb7 
15. Rd1 Na5 16. d5 exd5 17. Nf5+ gxf5 18. Qg5+ Kh7 19. Qxf5+ Kg7 20. Qg5+ Kh7 
21. Qxf6 Qd8 22. Qf5+ Kg7 23. Rh3 Rh8 24. Nf4 Bc8 25. Rg3+ Kf8 26. Qxd5 Ra7 
27. Qxc5 Qxh4 28. Qxc8+ Ke7 29. Nd5# 
1-0

[Event "34th Chess Olympiad (men)"]
[Site "Istanbul"]
[Date "2000.11.09"]
[Round "12.52.3"]
[White "Hailu, Wossenyelew"]
[Black "Marder Riveda, Martin"]
[WhiteElo "2000"]
[BlackElo "2205"]
[WhiteCountry "ETH"]
[BlackCountry "HON"]
[Result "0-1"]

1. d4 Nf6 2. c4 e6 3. Nf3 d5 4. g3 Bb4+ 5. Bd2 Bxd2+ 6. Nbxd2 O-O 7. Bg2 c6 
8. O-O h6 9. Qc2 Na6 10. a3 Nc7 11. Rac1 Nh7 12. e4 Nf6 13. Rfd1 Bd7 
14. Ne5 Be8 15. b4 a6 16. Nb3 Nxe4 17. cxd5 exd5 18. Bxe4 dxe4 19. Nc5 Rb8 
20. Qxe4 Nd5 21. f4 Qc8 22. f5 f6 23. Nc4 Bd7 24. Ne6 Bxe6 25. fxe6 Re8 
26. Re1 Qc7 27. Ne3 Nxe3 28. Rxe3 Qd6 29. Rd1 Rbd8 30. Qf5 Re7 31. Re4 Qd5 
32. Qxd5 Rxd5 33. g4 Kf8 34. Kg2 Re8 35. Kg3 Ke7 36. Kf4 Red8 37. h4 R8d6 
38. h5 b6 39. Rd3 Rd8 40. Rd2 c5 41. bxc5 bxc5 42. Rb2 Rxd4 43. Rb7+ Kd6 
44. Rxd4+ cxd4 45. Ke4 Kxe6 46. Rb6+ Rd6 47. Rxd6+ Kxd6 48. Kxd4 Ke7 49. a4 Ke6 
50. Kc5 f5 51. gxf5+ Kxf5 52. a5 g5 53. hxg6 Kxg6 54. Kb6 h5 55. Kxa6 h4 
0-1

[Event "34th Chess Olympiad (men)"]
[Site "Istanbul"]
[Date "2000.11.09"]
[Round "12.52.4"]
[White "Hernandez Lagos, Hector"]
[Black "Haile Giorgis, Shewaseged"]
[WhiteElo "2000"]
[BlackElo "2000"]
[WhiteCountry "HON"]
[BlackCountry "ETH"]
[Result "0-1"]

1. c4 Nf6 2. Nc3 e6 3. g3 c5 4. Nf3 d5 5. cxd5 exd5 6. d4 c4 7. Bg2 Be7 
8. O-O h6 9. Re1 O-O 10. e4 dxe4 11. Nxe4 Nd5 12. Nc3 Nc6 13. Nxd5 Qxd5 
14. Ne5 Qd8 15. Bxc6 Bb4 16. Bg2 Bxe1 17. Qxe1 Qxd4 18. Nf3 Qf6 19. Qe5 Qb6 
20. Be3 Qe6 21. Rc1 c3 22. b3 Qa6 23. Qxc3 Qxa2 24. Bd4 Be6 25. b4 Rac8 
26. Qe1 Rxc1 27. Qxc1 Rc8 28. Qe1 f6 29. h3 Kf7 30. Kh2 b6 31. Qe4 Qc2 
32. Qf4 Qf5 33. Qe3 Bd5 34. Ne5+ fxe5 35. Bxd5+ Kf6 36. Bc3 g5 37. Be4 Rxc3 
38. Qxc3 Qxe4 39. b5 Qd4 40. Qc6+ Ke7 41. Qc7+ Ke6 42. Qc6+ Qd6 43. Qc4+ Kf6 
44. h4 Qc5 45. hxg5+ hxg5 46. Qe2 e4 47. Kg2 Kf5 48. Kh3 Qe7 49. Qd2 g4+ 
50. Kg2 Qe6 51. Qf4+ Kg6 52. Kh2 Qf5 53. Qd6+ Kh5 54. Qd4 Qxb5 55. Qxe4 Qd7 
56. Qe5+ Kg6 57. Qe4+ Kf6 58. Qf4+ Ke7 59. Qe5+ Kf7 60. Qf4+ Kg6 61. Qe4+ Qf5 
62. Qe8+ Qf7 63. Qe4+ Qf5 64. Qe8+ Kf6 65. Kg1 Qe6 66. Qd8+ Kf5 67. Qd2 a5 
68. Qf4+ Kg6 69. Qd4 Kf7 70. Qf4+ Kg6 71. Qd2 Kh5 72. Qd4 Qe1+ 73. Kg2 Qb4 
74. Qe5+ Kg6 75. Qe6+ Kg7 76. f4 gxf3+ 77. Kxf3 a4 78. Qd7+ Kg8 79. Qe6+ Kf8 
80. Qc8+ Ke7 81. Qc7+ Ke6 82. Qc6+ Ke5 83. Qc7+ Kd5 84. g4 a3 85. g5 Qe4+ 
86. Kf2 Qf5+ 87. Kg2 Qxg5+ 88. Kf1 Qf6+ 89. Kg2 Qb2+ 
0-1

[Event "34th Chess Olympiad (men)"]
[Site "Istanbul"]
[Date "2000.11.09"]
[Round "12.53.1"]
[White "Gwaze, Robert"]
[Black "Mueller, Leonhard"]
[WhiteElo "2256"]
[BlackElo "2249"]
[WhiteCountry "ZIM"]
[BlackCountry "NAM"]
[Result "1/2-1/2"]

1. e4 c5 2. Nf3 d6 3. d4 Nf6 4. Nc3 cxd4 5. Nxd4 g6 6. Bc4 Bg7 7. O-O O-O 
8. h3 a6 9. Re1 b5 10. Bb3 Bb7 11. Bg5 Nbd7 12. a4 bxa4 13. Bxa4 Rc8 
14. Nd5 Rc4 15. c3 e6 16. Nb4 Nb8 17. Bb3 Rc8 18. Nxe6 fxe6 19. Bxe6+ Kh8 
20. Bxc8 Qxc8 21. Qd3 Nbd7 22. Nxa6 
1/2-1/2

[Event "34th Chess Olympiad (men)"]
[Site "Istanbul"]
[Date "2000.11.09"]
[Round "12.53.2"]
[White "Nakapunda, Otto"]
[Black "Mauwa, Tedmore"]
[WhiteElo "2157"]
[BlackElo "2190"]
[WhiteCountry "NAM"]
[BlackCountry "ZIM"]
[Result "0-1"]

1. d4 Nf6 2. c4 c5 3. Nf3 g6 4. Nc3 Bg7 5. d5 O-O 6. e4 d6 7. Be2 Na6 
8. Be3 Nc7 9. Nd2 a6 10. a4 b6 11. O-O Rb8 12. f4 Bd7 13. e5 Nfe8 14. Nf3 b5 
15. axb5 axb5 16. Qd2 bxc4 17. Bxc4 Rb4 18. Bd3 Qb8 19. Rf2 Bg4 20. Rc1 Qb7 
21. Bf1 Bxf3 22. gxf3 f5 23. Na2 Ra4 24. Nc3 Ra8 25. Bc4 Na6 26. Kh1 Kh8 
27. Ra1 Nec7 28. Rff1 Rfb8 29. Rab1 Nb4 30. Kg2 Ra5 31. Rfd1 Rba8 32. Qf2 Nca6 
33. Qd2 Nb8 34. h4 Nd7 35. h5 Nb6 36. Be2 gxh5 37. Bd3 Rf8 38. Qe1 N6xd5 
39. Nxd5 Nxd5 40. Bc1 Ra4 41. Bc2 Nxf4+ 
0-1

[Event "34th Chess Olympiad (men)"]
[Site "Istanbul"]
[Date "2000.11.09"]
[Round "12.53.3"]
[White "Cochrane, John Miles"]
[Black "Oberholzer, Rex"]
[WhiteElo "2223"]
[BlackElo "2200"]
[WhiteCountry "ZIM"]
[BlackCountry "NAM"]
[Result "1-0"]

1. e4 c5 2. Nf3 d6 3. Nc3 Nf6 4. g3 Nc6 5. Bg2 e5 6. O-O Be7 7. d3 O-O 
8. h3 Be6 9. Kh2 Ne8 10. g4 h6 11. Ne2 Kh7 12. Ng3 Bg5 13. Nxg5+ hxg5 
14. Be3 g6 15. c3 Nc7 16. Qd2 f6 17. Ne2 Qe7 18. d4 cxd4 19. cxd4 d5 
20. Rfc1 Rac8 21. dxe5 Nxe5 22. Bc5 Qd7 23. Bxf8 Rxf8 24. Qb4 Rb8 25. Qc5 Nb5 
26. a4 Nd3 27. Qxb5 Qd6+ 28. Kg1 Nxc1 29. Rxc1 dxe4 30. Qc5 
1-0

[Event "34th Chess Olympiad (men)"]
[Site "Istanbul"]
[Date "2000.11.09"]
[Round "12.53.4"]
[White "Richter, Hannes"]
[Black "Mangwengwende, John"]
[WhiteElo "2000"]
[BlackElo "2170"]
[WhiteCountry "NAM"]
[BlackCountry "ZIM"]
[Result "0-1"]

1. c4 Nf6 2. Nc3 g6 3. g3 Bg7 4. Bg2 d6 5. d4 O-O 6. e4 Nc6 7. Nge2 e5 
8. d5 Nd4 9. O-O Re8 10. Bg5 h6 11. Be3 Nxe2+ 12. Qxe2 a6 13. b4 Ng4 14. Bd2 f5 
15. h3 Nf6 16. Kh2 f4 17. Rac1 g5 18. g4 h5 19. f3 Kf7 20. Rh1 Rh8 21. Kg1 a5 
22. b5 Bd7 23. a4 hxg4 24. hxg4 Rxh1+ 25. Bxh1 b6 26. Qh2 Qe7 27. Kf2 Bxg4 
28. Rg1 Rh8 29. Qxh8 Bxh8 30. fxg4 Bg7 31. Bf3 Qd8 32. Rh1 Qc8 33. Rg1 Qh8 
34. Rh1 Nxg4+ 35. Ke2 Nh6 36. Be1 Qc8 37. Bh5+ Kf8 38. Kd3 g4 39. Bh4 g3 
40. Bf3 Ng4 41. Rg1 Bf6 42. Bxf6 Nxf6 43. Nd1 Qh3 44. Rg2 Ng4 45. Rg1 Nf2+ 
46. Ke2 Nxd1 47. Rxd1 Qh2+ 48. Kd3 Qf2 
0-1

[Event "34th Chess Olympiad (men)"]
[Site "Istanbul"]
[Date "2000.11.09"]
[Round "12.54.1"]
[White "Bhowany, Harrynarain"]
[Black "Borg, Geoffrey"]
[WhiteElo "2000"]
[BlackElo "2344"]
[WhiteCountry "MRI"]
[BlackCountry "MLT"]
[Result "0-1"]

1. d4 d5 2. c4 e6 3. Nc3 c6 4. Nf3 dxc4 5. a4 Bb4 6. e3 b5 7. axb5 cxb5 
8. Bd2 Qb6 9. Be2 Nf6 10. O-O Nbd7 11. b3 Bxc3 12. Bxc3 b4 13. Be1 c3 
14. Bd3 Bb7 15. Qc2 a5 16. Nh4 e5 17. f3 O-O 18. Bf2 exd4 19. exd4 Rfe8 
20. Nf5 Nd5 21. Rfe1 g6 22. Ng3 Bc6 23. Ne4 a4 24. Bc4 a3 25. Red1 Qd8 
26. Ra2 N7b6 27. Bf1 f5 28. Nc5 Ne3 29. Bxe3 Rxe3 30. Qf2 f4 31. h4 Bd5 
32. h5 Qg5 33. hxg6 hxg6 34. Re2 Rxf3 35. Qe1 Re3 36. Rxe3 fxe3 
0-1

[Event "34th Chess Olympiad (men)"]
[Site "Istanbul"]
[Date "2000.11.09"]
[Round "12.54.2"]
[White "Camilleri, Stephan J"]
[Black "Chinasamy, Devarajen"]
[WhiteElo "2097"]
[BlackElo "2020"]
[WhiteCountry "MLT"]
[BlackCountry "MRI"]
[Result "1/2-1/2"]

1. e4 c6 2. d4 d5 3. e5 c5 4. dxc5 e6 5. Be3 Nc6 6. Nf3 Nge7 7. c3 Ng6 
8. Bd4 Qc7 9. Bb5 Bd7 10. Bxc6 Bxc6 11. a4 Be7 12. O-O O-O 13. Re1 Kh8 
14. Nbd2 Rg8 15. Nf1 Bd7 16. b4 Nf4 17. g3 Ng6 18. a5 a6 19. Qd2 Rad8 
20. Ng5 Rgf8 21. h4 h6 22. Nf3 Kg8 23. Kg2 f6 24. N1h2 f5 25. h5 Nh8 
26. Ng1 Be8 27. Qe2 Bg5 28. f4 Be7 29. Qf3 Kh7 30. Ne2 Rg8 31. Rh1 Bc6 
32. Kf2 Rgf8 33. Nf1 Rf7 34. Ne3 Rdf8 35. Ke1 Qd8 36. Kd2 Qc7 37. Rh2 Qd8 
38. Ng2 Be8 39. Kc2 Qd7 40. Qd3 Qd8 41. Qf3 Qd7 42. Nh4 Bd8 43. Kb2 Qb5 
44. Bf2 Bxh4 45. Rxh4 Re7 46. Nd4 Qc4 47. Qe2 Qxe2+ 48. Nxe2 Nf7 49. Bd4 Rg8 
50. Rah1 Nd8 51. Kc2 Bb5 52. Kd2 Bc6 53. Ke3 Bb5 54. R4h3 Rf7 55. Ng1 Bf1 
56. R3h2 Bc4 57. Nf3 Bb5 58. Nh4 Rc7 59. Nf3 Rf7 60. Rg1 Rgf8 61. Kd2 Be8 
62. Be3 Rg8 63. Nd4 Bd7 64. Rhg2 Bc8 65. g4 fxg4 66. Rxg4 Bd7 67. Nf3 Rf5 
68. Rh1 Be8 69. Rgh4 Bd7 70. Nd4 
1/2-1/2

[Event "34th Chess Olympiad (men)"]
[Site "Istanbul"]
[Date "2000.11.09"]
[Round "12.54.3"]
[White "Seegolam, Pradeep"]
[Black "Borg, Andrew"]
[WhiteElo "2000"]
[BlackElo "2132"]
[WhiteCountry "MRI"]
[BlackCountry "MLT"]
[Result "1/2-1/2"]

1. e4 c5 2. Nf3 g6 3. d4 Bg7 4. d5 d6 5. c4 Nf6 6. Bd3 O-O 7. O-O e5 8. Nc3 a6 
9. a4 Nbd7 10. Ne2 Rb8 11. Ng3 Re8 12. h3 Qc7 13. a5 b5 14. axb6 Rxb6 
15. b3 Qb8 16. Bc2 Qa7 17. Bd2 Rb8 18. Ra2 Rf8 19. Qc1 Nb6 20. Bh6 Ne8 
21. Bxg7 Kxg7 22. Qe3 Qe7 23. Nh2 Kh8 24. f4 f6 25. fxe5 Qxe5 26. Ne2 Ng7 
27. Nf3 Qe7 28. Qh6 Kg8 29. Ng3 Nd7 30. Qd2 Bb7 31. Raa1 Rbe8 32. Rae1 Ne5 
33. Nh2 Bc8 34. Re2 h5 35. Ref2 h4 36. Ne2 g5 37. g4 hxg3 38. Nxg3 Bxh3 
39. Ra1 Bc8 40. Nf3 Nxf3+ 41. Rxf3 Qe5 42. Qc3 g4 43. Qxe5 fxe5 44. Rxf8+ Rxf8 
45. Bd1 Rf4 46. Kg2 Kf7 47. Rb1 Ke8 48. b4 cxb4 49. Rxb4 Rf7 50. Rb8 Kd8 
51. Bxg4 Rc7 52. Be2 Rb7 53. Rxb7 Bxb7 54. Kf3 Kc7 55. Ke3 Bc8 56. Kd3 Kb6 
57. Kc3 Ne8 58. Nf1 Nf6 59. Nd2 Bh3 60. Bd3 Bg2 61. Bc2 a5 62. Bd3 Nd7 
63. Bb1 Nc5 64. Bc2 Kc7 65. Bb1 Kd8 66. Nb3 Nb7 67. Bd3 a4 68. Nd2 Nc5 
69. Bb1 Ke7 70. Kb4 Bh3 71. Bc2 Bg2 72. Bxa4 Bxe4 73. Bd1 Bh1 74. Nb3 Nd3+ 
75. Kc3 Nf4 76. Kd2 Be4 77. c5 Bxd5 78. cxd6+ Kxd6 79. Nc1 Bc4 80. Bf3 Kc5 
81. Be2 Bd5 82. Nd3+ Nxd3 83. Bxd3 Kd4 84. Bg6 
1/2-1/2

[Event "34th Chess Olympiad (men)"]
[Site "Istanbul"]
[Date "2000.11.09"]
[Round "12.54.4"]
[White "Cilia, Vincenti V"]
[Black "Marie, Patrik"]
[WhiteElo "2215"]
[BlackElo "2000"]
[WhiteCountry "MLT"]
[BlackCountry "MRI"]
[Result "0-1"]

1. Nf3 d5 2. d4 Nf6 3. c4 e6 4. Nc3 c6 5. Bg5 Be7 6. e3 Nbd7 7. Rc1 Qa5 
8. a3 dxc4 9. Bxc4 b5 10. Bd3 b4 11. axb4 Qxb4 12. Qc2 h6 13. Bxf6 Bxf6 
14. O-O Bb7 15. Ne4 Be7 16. Rfd1 O-O 17. Qc3 a5 18. Nc5 Nxc5 19. Qxb4 axb4 
20. dxc5 Bf6 21. Rc4 Rfd8 22. Ne1 Ba6 23. Rcc1 Bxb2 24. Rb1 Bc3 25. Bc2 Be2 
26. Rxd8+ Rxd8 27. Be4 Bb5 28. g3 f5 29. Bf3 Rd2 30. Bh5 Ba4 31. Nf3 Rd1+ 
32. Rxd1 Bxd1 
0-1

[Event "34th Chess Olympiad (men)"]
[Site "Istanbul"]
[Date "2000.11.09"]
[Round "12.55.1"]
[White "Ramsingh, Yogendranath"]
[Black "Moussa, Alaa-Eddine"]
[WhiteElo "2246"]
[BlackElo "2255"]
[WhiteCountry "TRI"]
[BlackCountry "PLE"]
[Result "1-0"]

1. Nf3 c5 2. c4 Nc6 3. g3 g6 4. Bg2 Bg7 5. O-O Nf6 6. Nc3 O-O 7. e4 d6 8. d3 a6 
9. h3 Rb8 10. a4 Bd7 11. Be3 e5 12. Nh4 Ne8 13. Nd5 f5 14. exf5 gxf5 
15. Qh5 Be6 16. f4 Nf6 17. Nxf6+ Qxf6 18. Rae1 Nb4 19. fxe5 Qxe5 20. Bh6 Qf6 
21. Bf4 Bd7 22. b3 Be8 23. Qe2 Qd4+ 24. Kh2 Nxd3 25. Be3 Qc3 26. Rd1 Nb4 
27. Nxf5 Rxf5 28. Rxf5 Bg6 29. Bd2 Qc2 30. Qe6+ Kh8 31. Qxd6 Re8 32. Rff1 Bd3 
33. Rfe1 Bg6 34. Rxe8+ Bxe8 35. Qd8 Qg6 36. Re1 
1-0